| 000 | 00895cam a2200241 4500 | ||
|---|---|---|---|
| 001 | M2287 | ||
| 008 | 090401t1996 xxu||||| |||| 00| 0 eng d | ||
| 035 | _a(Sirsi) u96386 | ||
| 041 | _aeng | ||
| 110 |
_aRoyal Institution of Chartered Surveyors _94900 |
||
| 245 | _aMaking the scheme for construction contracts. | ||
| 260 |
_aLondon _bRICS _c1996 |
||
| 300 | _a10,8p. ; 30cm. | ||
| 350 | _a4 | ||
| 490 |
_aRICS Memorandum _vPU/Report(96)21 |
||
| 650 | _aMANAGEMENT-DISPUTE AVOIDANCE, MANAGEMENT AND RESOLUTION-DISPUTE MANAGEMENT AND RESOLUTION-ALTERNATIVE DISPUTE RESOLUTION-ADJUDICATION | ||
| 650 | _aBUILT ENVIRONMENT-BUILDING CONTRACT FORMS | ||
| 650 |
_aDISPUTE RESOLUTION _96236 |
||
| 650 | _aRICS DISPUTE RESOLUTION SERVICE | ||
| 690 | _aMANAGEMENT-DISPUTE AVOIDANCE, MANAGEMENT AND RESOLUTION-DISPUTE MANAGEMENT AND RESOLUTION-ARBITRATION | ||
| 942 | _n0 | ||
| 948 | _c04/03/1997 | ||
| 999 |
_c98655 _d98655 |
||